| 000 | 00391nam a22001577a 4500 | ||
|---|---|---|---|
| 008 | 230202b |||||||| |||| 00| 0 eng d | ||
| 020 | _a9780073370644 | ||
| 020 | _a978007 | ||
| 082 | _a302 MYE | ||
| 100 | _aMyers, David G | ||
| 245 | _aExploring social psychology. | ||
| 250 | _a5th ed | ||
| 260 |
_bMc Graw Hill, _c2009. _aNew York : |
||
| 300 |
_axxiv.663 p : _c26.5 cm |
||
| 942 | _2ddc | ||
| 999 |
_c10497 _d10498 |
||